Art škôlka

Salvato in:
Dettagli Bibliografici
Autore principale: Lacuš, Daniel (Autore)
Altri autori: Kráľová, Eva (Relatore della tesi)
Natura: Manoscritto Libro
Lingua:slovacco
Pubblicazione: Bratislava 2018
Soggetti:
Accesso online:http://is.stuba.sk/zp/portal_zp.pl?podrobnosti=111632
Tags: Aggiungi Tag
Nessun Tag, puoi essere il primo ad aggiungerne!!

MARC

LEADER 00000ntm a22000003a 4500
001 stuzp63727
003 SK-STU
005 20210121102733.8
007 ta
008 150427s2015----xo-----f-mn---000-0-slo-d
040 |a STU  |b slo 
041 0 |a slo 
100 1 |a Lacuš, Daniel  |u 053130  |4 aut  |U FAD Fakulta architektúry  |T FA Ústav dejín a teórie architektúry a obnovy pamiatok  |X 65331  |U A3130  |Y 394  |7 65331 
242 0 1 |a Art nursery  |y eng 
245 1 0 |a Art škôlka 
260 |c 2018  |a Bratislava 
650 4 |a vzdelávanie mládeže  |2 slo 
650 4 |a umelecká činnosť  |2 slo 
650 4 |a deti  |2 slo 
650 4 |a bezbarierová stavba  |2 slo 
650 4 |a barrier-free construction  |2 eng 
650 4 |a youth education  |2 eng 
650 4 |a arts activity  |2 eng 
650 4 |a kids  |2 eng 
700 1 |a Kráľová, Eva  |u 053130  |k Z1  |4 ths  |U FAD Fakulta architektúry  |T FA Ústav dejín a teórie architektúry a obnovy pamiatok  |X 391  |U A3130  |Y 394  |7 A000000391 
856 4 |u http://is.stuba.sk/zp/portal_zp.pl?podrobnosti=111632  |u https://opac.crzp.sk/?fn=detailBiblioForm&sid=85D30AFD35884905439ABC4E20A9